Účtovná politika v kontexte medzinárodných účtovných štandardov pre verejný sektor
IPSAS 3 - medzinárodný účtovný štandard pre verejný sektor a jeho význam. Úplatňovanie účtovenj politiky vo verejnom sektore. Zmeny účtovnej politiky vo verejnom sektore.
Guardado en:
| Autor principal: | |
|---|---|
| Formato: | Capítulo de libro |
| Lenguaje: | eslovaco |
| Materias: | |
| Etiquetas: |
Sin Etiquetas, Sea el primero en etiquetar este registro!
|
MARC
| LEADER | 00000naa$a2200000$$$4500 | ||
|---|---|---|---|
| 001 | 0094663 | ||
| 005 | 20240613071159.1 | ||
| 041 | 0 | |a slo | |
| 044 | |a SK | ||
| 245 | 1 | 0 | |a Účtovná politika v kontexte medzinárodných účtovných štandardov pre verejný sektor |c Marianna Kicová |
| 520 | |a IPSAS 3 - medzinárodný účtovný štandard pre verejný sektor a jeho význam. Úplatňovanie účtovenj politiky vo verejnom sektore. Zmeny účtovnej politiky vo verejnom sektore. | ||
| 610 | 2 | 0 | |a účtovanie |
| 610 | 2 | 0 | |a politika |
| 610 | 2 | 0 | |a štandardy účtovné medzinárodné |
| 610 | 2 | 0 | |a sektor verejný |
| 100 | 1 | |a Kicová, Marianna | |